02366nim a2200313 i 4500003001000000005001700010007001200027008004100039040003500080041000800115043001200123082002300135245011000158250002200268264007000290300001800360336003900378337002300417338003300440500010100473505107200574650007501646650005601721650006501777710004801842942001201890999001501902952013501917CO-BoRNBP20230309124448.0cd aa aaaaa160713s2015 ck gs spa d aCO-BoRNBPbspaerdacCO-BoRNBP aspa as-ck---04a303.6098bS27s22301aSerie DDR del CNMH bdesmovilización, desarme y reintegracióncCentro Nacional de Memoria Histórica aPrimera edición 1aBogotá, ColombiabCentro Nacional de Memoria Histórica c2015 a1 CD (936 MB) apalabra habladabspw2rdacontenido aaudiobs2rdamedio adisco sonorobsd2rdasoporte aLa siguiente serie contiene libros en formato PDF, videos en formato MP4 y audios en formato MP30 tRearmados y reintegrados. Panorama posacuerdos de las AUC. (Archivo PDF)tDesmovilización y reintegración paramilitar. Panorama posacuerdos de las AUC. (Archivo PDF)tDesafíos de la reintegración. Enfoques de género, edad y etnia. (Archivo PDF)tNuevos escenarios del conflicto armado y violencia. Región Caribe, departamento de Antioquia y departamento de Chocó. (Archivo PDF)tNuevos escenarios de conflicto armado y violencia. Nororiente y Magdalena Medio, Llanos Orientales, Suroccidente y Bogotá D.C. (Archivo PDF)tInfografía animada. Nuevos escenarios del conflicto armado y violencia. (Video)rProducción Dieciseis9tInfografía animada. Desmovilización y reintegración paramilitar. Panorama posacuerdos de las AUC. (Video)rProducción Dieciseis9t¿Qué pasó después de las desmovilizaciones de las AUC?: Microprograma radial 1. (Audio)t¿Qué pasó después de las desmovilizaciones de las AUC?: Microprograma radial 2 (Audio)t¿Qué pasó después de las desmovilizaciones de las AUC?: Microprograma radial 3 (Audio)17aConflicto armadoxInvestigacioneszColombiavVideodiscos 2ARMARC910617aProceso de pazzColombiavVideodiscos 2ARMARC910717aParamilitaresxHistoriazColombiavVideodiscos 2ARMARC91081 aCentro Nacional de Memoria Histórica9109 2ddccCD c9205d9205 00102ddc40708GENaMEGUAMALbMEGUAMALcGENd2023-03-09l0o303.6098 S27spGUA002085r2023-03-09 00:00:00tEj.1w2023-03-09yBK